[Event "Catanduva op"]
[Site "Catanduva"]
[Date "2020.03.14"]
[Round "4"]
[White "Correa, Bruno Leite"]
[Black "Rezende, Paulo Aparecido"]
[Result "0-1"]
[WhiteElo "1492"]
[BlackElo "1824"]
[PlyCount "80"]
[EventDate "2020.03.13"]
[EventType "swiss"]
[EventRounds "6"]
[EventCountry "BRA"]
[SourceTitle "CBM 195 Extra"]
[Source "ChessBase"]
[SourceDate "2020.05.31"]
[SourceVersion "1"]
[SourceVersionDate "2020.05.31"]
[SourceQuality "1"]

1. c4 c6 2. Nc3 d5 3. cxd5 cxd5 4. d4 Nf6 5. g3 e6 6. Bg2 Nbd7 7. Nf3 Bb4 8. 0-0 0-0 9. Bd2 b6 10. a3 Be7 11. Re1 Bb7 12. Qc2 Rc8 13. Rac1 a6 14. Qd1 b5 15. Na2 Qb6 16. Qb3 Ne4 17. e3 a5 18. Nc3 Bc6 19. Red1 Nxd2 20. Nxd2 b4 21. Na4 Qb5 22. Nc5 Nxc5 23. dxc5 Bxc5 24. Bf1 Qb6 25. a4 Be7 26. Qa2 Bf6 27. b3 Bb7 28. Bg2 Rc3 29. e4 Rfc8 30. Rxc3 bxc3 31. Nf1 d4 32. Qc2 Ba6 33. e5 Bxe5 34. Be4 g6 35. Bd3 Bxd3 36. Rxd3 Rb8 37. f4 Bf6 38. g4 Qxb3 39. Qxb3 Rxb3 40. Ng3 c2 0-1

[Event "BRA-ch U12"]
[Site "Florianopolis"]
[Date "2018.04.30"]
[Round "5"]
[White "Feitoza, Gustavo Sampaio Lob"]
[Black "Correa, Bruno Leite"]
[Result "0-1"]
[WhiteElo "1534"]
[BlackElo "1800"]
[PlyCount "104"]
[EventDate "2018.04.28"]
[EventType "swiss"]
[EventRounds "6"]
[EventCountry "BRA"]
[SourceTitle "EXT 2021"]
[Source "ChessBase"]
[SourceDate "2020.10.23"]
[SourceVersion "1"]
[SourceVersionDate "2020.10.23"]
[SourceQuality "1"]

1. e4 d6 2. Nf3 Nf6 3. Nc3 g6 4. d4 Bg7 5. Bc4 h6 6. 0-0 0-0 7. h3 c5 8. Be3 Nbd7 9. Qd2 Kh7 10. e5 cxd4 11. exf6 dxe3 12. fxe7 exf2+ 13. Rxf2 Qxe7 14. Nd5 Qd8 15. Raf1 Nc5 16. Re2 Ne6 17. c3 a6 18. h4 b5 19. Bd3 Bb7 20. Nf4 Nxf4 21. Qxf4 Qc7 22. Qg3 Rfe8 23. Rxe8 Rxe8 24. h5 Be4 25. Bxe4 Rxe4 26. hxg6+ fxg6 27. Nh4 Re6 28. Nf3 Re2 29. Qg4 Rxb2 30. Nh4 Qc5+ 31. Kh1 Qh5 32. Qxh5 gxh5 33. Nf5 Rxa2 34. Nxd6 Kg6 35. c4 bxc4 36. Nxc4 Ra4 37. Ne3 Re4 38. Rf3 Bd4 39. Nf1 Be5 40. g3 a5 41. Ra3 a4 42. Kg2 Bd6 43. Kf3 Bxa3 44. Kxe4 Bb2 45. Kd3 a3 46. Kc2 Bf6 47. Kb3 Be7 48. Ka2 Kg5 49. Kb3 Kg4 50. Ne3+ Kf3 51. Nf5 Bf8 52. Ka2 Kg4 0-1